00921cam a2200241 a 450000100100000000500170001000800410002702000150006802000150008304000230009808200190012110000330014024500900017326000680026330000330033150400340036465100420039865000590044091000340049904900090053395201220054299900150066400000132220200929145536.0711015s1971 onca b 001 0 eng  a0802052525 a0802000355 aDO-SdBNPcDLCdDLC a320.971bA425s1 aAllen, Richard,d1929-9446314aThe social passion :breligion and social reform in Canada, 1914-28 /cRichard Allen. aToronto, Ontario, Canada :bUniversity of Toronto Press,c1971. axxv, 385 p. :bil. ;c26 cm. aBibliografía: p. [357]-364. 4aCanadáxCondiciones Sociales.94464 4aIglesia y problemas socialeszCanadáxHistoria94465 aCatalogación por copia / LC aBNGR 001052708MOaGRbGRcCTd2009-09-14iLF1l0o320.971 A425sp1322-10r2020-06-25w2020-06-25y2ZPréstamo interno c1256d1256